| Tag |
First Indicator |
Second Indicator |
Subfields |
| LEADER |
00000cgm a2200000za 4500 |
| 001 |
in00003590949 |
| 006 |
m o c |
| 007 |
vz uzazuu |
| 007 |
cr una---unuuu |
| 008 |
150908p20152013cau029 o vlund d |
| 005 |
20260324163630.2 |
| 028 |
5 |
2 |
|a 1146863
|b Kanopy
|
| 035 |
|
|
|a (CaSfKAN)kan1146863
|
| 040 |
|
|
|a VDU
|b eng
|c VDU
|d UtOrBLW
|
| 245 |
0 |
4 |
|a The Force of Creation.
|
| 264 |
|
1 |
|a [San Francisco, California, USA] :
|b Kanopy Streaming,
|c 2015.
|
| 300 |
|
|
|a 1 online resource (streaming video file)
|
| 306 |
|
|
|a Duration: 29 minutes
|
| 336 |
|
|
|a two-dimensional moving image
|b tdi
|2 rdacontent
|
| 337 |
|
|
|a computer
|b c
|2 rdamedia
|
| 338 |
|
|
|a online resource
|b cr
|2 rdacarrier
|
| 500 |
|
|
|a Title from title frames.
|
| 511 |
0 |
|
|a Features: Benjamin Schumacher Ph.D., The University of Texas at Austin
|
| 518 |
|
|
|a Originally produced by The Teaching Company/The Great Courses in 2013.
|
| 520 |
|
|
|a Use a black hole to test the laws of thermodynamics, taking a deeper look at the capacity of gravity to pull matter together and increase entropy at the same time. Probe Stephen Hawking's most surprising discovery, and then learn that the same force that pulls the apple down and steers the stars in their courses is also nature's ultimate source of order and complexity.
|
| 538 |
|
|
|a Mode of access: World Wide Web.
|
| 546 |
|
|
|a In English
|
| 500 |
|
|
|a Electronic resource.
|
| 653 |
|
|
|a Astronomy and Aeronautics
|
| 655 |
|
7 |
|a Nonfiction films.
|2 lcgft
|0 http://id.loc.gov/authorities/genreForms/gf2011026423
|
| 655 |
|
7 |
|a Internet videos.
|2 lcgft
|0 http://id.loc.gov/authorities/genreForms/gf2011026337
|
| 710 |
2 |
|
|a Kanopy (Firm)
|0 http://id.loc.gov/authorities/names/no2014091415
|
| 856 |
4 |
0 |
|u http://proxy.library.tamu.edu/login?url=https://texasam.kanopystreaming.com/node/146864
|z Connect to this streaming video
|t 0
|
| 999 |
f |
f |
|s 702cf189-483e-32e7-8cbc-35508e38ba0e
|i 15830615-8015-3e1e-8e9d-ac359383ebc7
|t 0
|
| 952 |
f |
f |
|a Texas A&M University
|b College Station
|c Electronic Resources
|s www_evans
|d Available Online
|t 0
|h No information provided
|
| 998 |
f |
f |
|t 0
|l Available Online
|